000
00275nam a22001217a 4500
082
_a
270.82 BEN
100
_a
Bent, A J Van Der
245
_a
The Utopia of World Community
260
_a
U.K.
_b
S C M Press ltd
_c
1973
300
_a
150
650
_a
Ecumenicalism
942
_c
BK
999
_c
20090
_d
20090